000
00277nam a22000977a 4500
008
230418b |||||||| |||| 00| 0 eng d
020
_a
978034091101.
100
_a
Blyton Guid
_9
7607
245
_a
The Naughtiest Girl Keeps a Secret-5
260
_a
London
_b
Halder Children Books
_c
2015
999
_c
12245
_d
12245